Paul célèbres - Statistiques

Statistiques générales
  • Ce quiz a été pris 887 fois
  • Le résultat moyen est 5 sur 10
Statistiques - réponses
Descriptif Réponse % Correct
Auteur-compositeur-interprète, bassiste du groupe The Beatles. McCartney
91%
Chef cuisinier 3 étoiles au guide Michelin pendant 53 ans et Meilleur ouvrier de France. Bocuse
76%
Peintre impressionniste auteur de toiles représentant la Montagne Sainte-Victoire. Cézanne
56%
Postimpressionniste ayant vécu plusieurs années en Polynésie. Gauguin
56%
Pape de 1963 à 1978. VI
53%
Président de la République française durant pratiquement 1 an avant son assassinat en 1932. Doumer
51%
Écrivain archétype du "poète maudit" (terme qu'il a lui-même inventé), auteur des recueils Poèmes saturniens et Fêtes galantes. Verlaine
49%
Poète français dadaïste et surréaliste, engagé politiquement auprès du Parti communiste français. Auteur du recueil de poèmes Capitale de la douleur et de l'oeuvre Liberté. Éluard
38%
Acteur américain ayant joué dans La Couleur de l'argent (pour lequel il obtient l'Oscar du meilleur acteur en 1986) ou encore Butch Cassidy et le Kid. Newman
37%
Écrivain, poète et philosophe français décédé en 1945 et auteur de La jeune parque. Valéry
11%
Aucun quiz correspondant
Distribution des résultats
% des personnes avec chaque résultat
Percentile par nombre de réponses
Votre historique - résultats
Vous n’avez pas pris ce quiz